La construction de l'État monarchique en France de 1380 à 1715 : Capes-Agrégation Histoire-Géographie (notice n° 2198161)
[ vue normale ]
| 000 -LEADER | |
|---|---|
| fixed length control field | 02405cam a2200169 4500500 |
| 005 - DATE AND TIME OF LATEST TRANSACTION | |
| control field | 20260405085518.0 |
| 041 ## - LANGUAGE CODE | |
| Language code of text/sound track or separate title | fre |
| 042 ## - AUTHENTICATION CODE | |
| Authentication code | dc |
| 100 10 - MAIN ENTRY--PERSONAL NAME | |
| Personal name | Figeac, Michel |
| Relator term | author |
| 245 00 - TITLE STATEMENT | |
| Title | La construction de l'État monarchique en France de 1380 à 1715 : Capes-Agrégation Histoire-Géographie |
| 260 ## - PUBLICATION, DISTRIBUTION, ETC. | |
| Name of publisher, distributor, etc. | Armand Colin,<br/> |
| Date of publication, distribution, etc. | 2022.<br/> |
| 520 ## - SUMMARY, ETC. | |
| Summary, etc. | Il est difficile de trouver question plus classique que la construction de l’État monarchique. Toute l’originalité du sujet provient de son découpage chronologique dans le temps long. Traditionnellement, la plupart des manuels respectent la sacro-sainte coupure canonique de 1492. La question de concours nous a obligé à l’enjamber pour remonter très en amont, ce qui nous permet d’en saisir les origines. En 1715, la « monarchie de papier » est en place et s’avancer davantage dans le siècle des Lumières aurait modifié les équilibres. Par ailleurs, cette question a été profondément modifiée dans sa lecture ces dernières années et il était indispensable de prendre en compte les mutations de l’historiographie. Celle-ci, depuis une vingtaine d’années, invite à considérer l’histoire politique au prisme d’un pragmatisme attentif aux réalités locales et aux conceptions partagées, très loin d’un prétendu absolutisme qui aurait difficilement souffert de contradictions. À cet égard, l’étude d’un long XVe siècle et d’un long XVIe siècle, entre héritages médiévaux et guerres civiles, permet d’illustrer combien l’idée et l’exercice du pouvoir n’ont cessé de s’infléchir au gré des bouleversements qui ont agité le royaume tandis que perdure la dimension contractuelle de la royauté, de plus en plus étudiée dans ses aspects consensuels. La question permet ainsi de restituer, dans toute sa complexité, l’idée d’un État justicier dans sa modernité au XVIIe et XVIIIe siècle. Enfin, confier la plume à un auteur habitué de tous les jurys de concours et à deux jeunes docteurs présentait l’avantage d’avoir réuni une équipe très sensibilisée aux attentes et aux besoins des étudiants. |
| 700 10 - ADDED ENTRY--PERSONAL NAME | |
| Personal name | Dutour, Thierry |
| Relator term | author |
| 700 10 - ADDED ENTRY--PERSONAL NAME | |
| Personal name | Mingous, Gautier |
| Relator term | author |
| 700 10 - ADDED ENTRY--PERSONAL NAME | |
| Personal name | Valade, Pauline |
| Relator term | author |
| 856 41 - ELECTRONIC LOCATION AND ACCESS | |
| Uniform Resource Identifier | <a href="https://shs.cairn.info/la-construction-de-l-etat-monarchique-en-france--9782200633813?lang=fr&redirect-ssocas=7080">https://shs.cairn.info/la-construction-de-l-etat-monarchique-en-france--9782200633813?lang=fr&redirect-ssocas=7080</a> |
Pas d'exemplaire disponible.




Réseaux sociaux